Central Library OPAC University of Rajshahi

A text-book in the history of education / (Record no. 60828)

MARC details
000 -LEADER
fixed length control field 00661nam a2200217 a 4500
001 - CONTROL NUMBER
control field 60828
003 - CONTROL NUMBER IDENTIFIER
rucl marc code BD-RjUL
005 - DATE AND TIME OF LATEST TRANSACTION
control field 20211209080904.0
008 - FIXED-LENGTH DATA ELEMENTS--GENERAL INFORMATION
fixed length control field 170103s1905 nyuaf b 001 0 eng d
035 ## - SYSTEM CONTROL NUMBER
System control number (BD-RjUL)60952
040 ## - CATALOGING SOURCE
Original cataloging agency DLC
Transcribing agency NIE
Modifying agency NRC
-- OCL
-- EQO
-- BD-RjUL
Language of cataloging eng
041 ## - LANGUAGE CODE
Language code of text/sound track or separate title eng
082 ## - DEWEY DECIMAL CLASSIFICATION NUMBER
Edition number 23
Classification number 370.9
Author mark and year MOT 1953
100 1# - MAIN ENTRY--PERSONAL NAME
Personal name Monroe, Paul,
Dates associated with a name 1869-1947.
9 (RLIN) 181302
245 12 - TITLE STATEMENT
Title A text-book in the history of education /
Statement of responsibility, etc. Paul Monroe
260 ## - PUBLICATION, DISTRIBUTION, ETC. (IMPRINT)
Place of publication, distribution, etc. New York :
Name of publisher, distributor, etc. Macmillan,
Date of publication, distribution, etc. c1905 [Printing 1953]
300 ## - PHYSICAL DESCRIPTION
Pagination xxiii, 772 p. :
Illustrations ill. ;
Size 20 cm
504 ## - BIBLIOGRAPHY, ETC. NOTE
Bibliography, etc "References" at end of chapters
650 #0 - SUBJECT ADDED ENTRY--TOPICAL TERM
Topical term or geographic name as entry element Education
General subdivision History
9 (RLIN) 181303
942 ## - ADDED ENTRY ELEMENTS (KOHA)
Source of classification or shelving scheme Dewey Decimal Classification
Koha item type Books
Holdings
Lost status Source of classification or shelving scheme Damaged status Not for loan Collection code Permanent Location Current Location Shelving location Date acquired Source of acquisition Cost, normal purchase price Total Checkouts Full call number Date last seen Copy number Koha item type
  Dewey Decimal Classification   Not For Loan Non-fiction Central Library, University of Rajshahi Central Library, University of Rajshahi Reading Room 03/04/1957 Shin. Marshall 2.56   370.9 MOT 1953 03/01/2017 C-1 Books